书目信息 |
| 题名: |
走近夏代文明
|
|
| 作者: | 詹子庆 著 | |
| 分册: | ||
| 出版信息: | 长春 东北师范大学出版社 2015.4 |
|
| 页数: | 319页 | |
| 开本: | 21cm | |
| 丛书名: | ||
| 单 册: | ||
| 中图分类: | K222.03 | |
| 科图分类: | ||
| 主题词: | 文化史--Wen Hua Shi--研究--中国--夏代 , 研究--Yan Jiu , 中国--Zhong Guo | |
| 电子资源: | ||
| ISBN: | 978-7-5681-0357-2 | |
| 000 | 00939nam0 22002651 450 | |
| 001 | 350136 | |
| 005 | 20161010152902.92 | |
| 010 | @a978-7-5681-0357-2@dCNY59.00 | |
| 100 | @a20150702d2015 em y0chiy50 ea | |
| 101 | 0 | @achi |
| 102 | @aCN@b220000 | |
| 105 | @ay z 001yy | |
| 106 | @ar | |
| 200 | 1 | @a走近夏代文明@AZou Jin Xia Dai Wen Ming@f詹子庆著 |
| 205 | @a2版 | |
| 210 | @a长春@c东北师范大学出版社@d2015.4 | |
| 215 | @a319页@d21cm | |
| 330 | @a本书介绍了夏代文明,内容包括夏史研究中文献资料的运用、夏文化探索、中国文明的起源和中原文明领先地位的确立、鲧的传说和夏族的起源、夏代地理蠡测、夏朝的国家形态、夏史纪事本末、夏代物质生产和文化、夏代文明对后世社会的影响等。 | |
| 606 | 0 | @a文化史@AWen Hua Shi@x研究@y中国@z夏代 |
| 606 | 0 | @a研究@AYan Jiu |
| 606 | 0 | @a中国@AZhong Guo |
| 690 | @aK222.03@v5 | |
| 701 | 0 | @a詹子庆@AZhan Zi Qing@f(1937~)@4著 |
| 801 | 0 | @aCN@bTANGWEI@c20160803 |
| 905 | @b0888505-9@dK222.03@e25@f5 | |
| 走近夏代文明/詹子庆著.-2版.-长春:东北师范大学出版社,2015.4 |
| 319页;21cm |
| ISBN 978-7-5681-0357-2:CNY59.00 |
| 本书介绍了夏代文明,内容包括夏史研究中文献资料的运用、夏文化探索、中国文明的起源和中原文明领先地位的确立、鲧的传说和夏族的起源、夏代地理蠡测、夏朝的国家形态、夏史纪事本末、夏代物质生产和文化、夏代文明对后世社会的影响等。 |
| ● |
| 相关链接 |
|
|
|
|
正题名:走近夏代文明
索取号:K222.03/25
 
预约/预借
| 序号 | 登录号 | 条形码 | 馆藏地/架位号 | 状态 | 备注 |
| 1 | 0888505 | 208885054 | 第二样本阅览室/ [索取号:K222.03/25] | 在馆 | |
| 2 | 0888506 | 208885063 | 第二借阅区/ [索取号:K222.03/25] | 在馆 | |
| 3 | 0888507 | 208885072 | 第二借阅区/ [索取号:K222.03/25] | 在馆 | |
| 4 | 0888508 | 208885081 | 第二借阅区/ [索取号:K222.03/25] | 在馆 | |
| 5 | 0888509 | 208885090 | 密集书库-史法系/ [索取号:K222.03/25] | 在馆 |